000
00300 a2200109 4500
001
ART_17539
005
20260410161750.0
008
260409a
245
1
0
_a
Creating a world without poverty
100
1
_a
Yunus, Muhammad
773
0
_t
Book Summary
_g
- NÂș 12 (ene. 2009)
_w
REV4099
999
_c
19594
_d
19594